Bệnh da liễu; T2
Guardat en:
| Autor principal: | |
|---|---|
| Format: | Llibre |
| Idioma: | Undetermined |
| Publicat: |
Hà Nội
Y học
1983
|
| Matèries: | |
| Etiquetes: |
Afegir etiqueta
Sense etiquetes, Sigues el primer a etiquetar aquest registre!
|
| Thư viện lưu trữ: | Trung tâm Học liệu Trường Đại học Cần Thơ |
|---|
| LEADER | 00552nam a2200181Ia 4500 | ||
|---|---|---|---|
| 001 | CTU_17196 | ||
| 008 | 210402s9999 xx 000 0 und d | ||
| 082 | |a 616.951 | ||
| 082 | |b B450 | ||
| 100 | |a Trường Đại học Y khoa Hà Nội | ||
| 245 | 0 | |a Bệnh da liễu; T2 | |
| 245 | 0 | |c Trường Đại học Y khoa Hà Nội | |
| 260 | |a Hà Nội | ||
| 260 | |b Y học | ||
| 260 | |c 1983 | ||
| 650 | |a veneral diseases | ||
| 904 | |i Nguyễn Quang Điền, 960601 | ||
| 980 | |a Trung tâm Học liệu Trường Đại học Cần Thơ | ||